000 00515cam a2200193ua 4500
001 10846
005 20260515114652.0
008 190409n ii |||gr||||Z||||||eng
020 _a9789383252084
040 _cMAIN
082 _a004
100 _aManoj Kumar Deka,
_eAuthor.
245 _aAdvanced computer sciences and applications
_cEd by Manoj Kumar Deka
250 _a1st ed.
260 _aGuwahati:
_bEBH publishers,
_c2014.
300 _a308p.
653 _aData processing & computer science
942 _cBK
999 _c9794
_d9794